Pays nommés d'après les personnes n°2 - Statistiques

Statistiques générales
  • Ce quiz a été pris 484 fois
  • Le résultat moyen est 8 sur 12
Statistiques - réponses
Gend Pays % Correct
Christophe Colomb Colombie
90%
Famille princière du Liechtenstein Liechtenstein
87%
Roi Dan Danemark
83%
Empereur Qin Chine
81%
Déesse de la fertilité, Éire Irlande
76%
Romulus Roumanie
65%
Christophe de Lycie Saint-Christophe-et-Niévès
63%
Vincent de Saragosse Saint-Vincent-et-les-Grenadines
63%
Roi Salomon d'Israël et Juda Îles Salomon
62%
Mussa Bin Bique Mozambique
47%
Thomas et prince de Portugal Sao Tomé-et-Principe
41%
Thot le dieu lunaire de Khemenou en Moyenne-Égypte. Djibouti
8%
Aucun quiz correspondant
Distribution des résultats
% des personnes avec chaque résultat
Percentile par nombre de réponses
Votre historique - résultats
Vous n’avez pas pris ce quiz